Top songs of 2016 - Statistics

General Stats
  • This quiz has been taken 191 times
  • The average score is 54 of 100
Answer Stats
# Hint Answer % Correct
1 Love Yourself Justin Bieber
98%
2 Sorry Justin Bieber
98%
31 What Do You Mean? Justin Bieber
98%
25 Cold Water Major Lazer ft. Justin Bieber, MØ
95%
29 Too Good Drake ft. Rihanna
94%
4 Work Rihanna ft. Drake
94%
7 Hello Adele
93%
26 Send My Love Adele
93%
83 When We Were Young Adele
93%
59 For Free DJ Khaled ft. Drake
92%
24 Hotline Bling Drake
92%
41 Controlla Drake
92%
82 Pop Style Drake ft. Jay-Z, Kanye West
92%
3 One Dance Drake ft. Wizkid, Kyla
92%
37 Jumpman Drake, Future
92%
32 The Hills The Weeknd
92%
61 Into the Night The Weeknd
92%
72 Can't Feel My Face The Weeknd
92%
85 Lean On Major Lazer, DJ Snake ft. MØ
90%
47 Let Me Love You DJ Snake ft. Justin Bieber
86%
5 Stressed Out Twenty One Pilots
86%
20 Ride Twenty One Pilots
86%
21 Heathens Twenty One Pilots
86%
11 Cheap Thrills Sia ft. Sean Paul
84%
76 Lost Boy Ruth B
82%
23 Stitches Shawn Mendes
82%
28 Treat You Better Shawn Mendes
82%
50 We Don't Talk Anymore Charlie Puth ft. Selena gomez
81%
99 See You Again Wiz Khalifa ft. Charlie Puth
79%
36 Dangerous Woman Ariana Grande
78%
51 Into You Ariana Grande
78%
17 This Is What You Came For Calvin Harris ft. Rihanna
78%
9 Can't Stop the Feeling! Justin Timberlake
77%
13 Needed Me Rihanna
77%
43 One Call Away Charlie Puth
74%
30 Low Life Future ft. The Weeknd
74%
86 I Know What You Did Last Summer Shawn Mendes, Camila Cabello
71%
10 Closer The Chainsmokers ft. Halsey
70%
77 Side to Side Ariana Grande ft. Nicki Minaj
69%
93 All In My Head (Flex) Fifth Harmony ft. Fetty Wap
68%
12 7 Years Lukas Graham
63%
79 Wildest Dreams Taylor Swift
63%
22 Pillowtalk Zayn
63%
40 Same Old Love Selena Gomez
62%
56 Hands to Myself Selena Gomez
62%
8 Don't Let Me Down The Chainsmokers ft. Daya
61%
73 Hymn for the Weekend Coldplay
59%
95 Adventure of a Lifetime Coldplay
59%
16 Work from Home Fifth Harmony ft. Ty Dolla Sign
59%
58 Starboy The Weeknd ft. Daft Punk
59%
14 My House Flo Rida
56%
6 Panda Desiigner
51%
98 Timmy Turner Desiigner
51%
27 Roses The Chainsmokers ft Rozes
51%
18 Cake by the Ocean DNCE
50%
45 No Meghan Trainor
49%
62 Me Too Meghan Trainor
49%
68 Sucker for Pain Lil Wayne, Wiz Khalifa, Imagine Dragons, Logic, Ty Dolla Sign, X Ambassadors
48%
15 I Took a Pill in Ibiza Mike Posner
44%
19 Me, Myself & I G-Eazy, Bebe Rexha
43%
65 White Iverson Post Malone
41%
33 Just Like Fire P!nk
37%
78 Sit Still, Look Pretty Daya
35%
84 Hide Away Daya
35%
54 679 Fetty Wap ft. Remy Boyz
35%
44 Let It Go James Bay
34%
46 Never Forget You Zara Larsson, MNEK
32%
42 Like I'm Gonna Lose You Meghan Trainor ft. John Legend
31%
94 Starving Hailee Steinfeld, Grey ft. Zedd
30%
80 Middle DJ Snake ft. Bipolar Sunshine
28%
75 Antidote Travis Scott
28%
39 Here Alessia Cara
26%
71 Sorry Beyoncé
26%
66 Close Nick Jonas ft. Tove Lo
26%
34 Broccoli DRAM ft. Lil Yachty
25%
100 Perfect One Direction
24%
97 Wicked Future
22%
69 Down in the DM Yo Gotti ft. Nicki Minaj
22%
35 Don't Bryson Tiller
21%
53 Exchange Bryson Tiller
21%
38 I Hate U, I Love U Gnash ft Olivia O'Brien
21%
63 Ex's & Oh's Elle King
20%
81 On My Mind Ellie Goulding
20%
57 2 Phones Kevin Gates
20%
92 Really Really Kevin Gates
20%
60 Never Be Like You Flume ft. Kai
15%
88 Watch Me Silentó
15%
55 Oui Jeremih
13%
52 Gold Kiiara
13%
70 Luv Tory Lanez
11%
74 Say It Tory Lanez
11%
90 No Limit Usher ft. Young Thug
11%
67 Unsteady X Ambassadors
11%
89 Back to Sleep Chris Brown
10%
49 H.O.L.Y. Florida Georgia Line
9%
87 All the Way Up Fat Joe, Remy Ma ft. French Montana, Infrared
7%
48 Don't Mind Kent Jones
7%
64 Die a Happy Man Thomas Rhett
5%
96 Humble and Kind Tim McGraw
5%
91 Cut It O.T. Genasis ft. Young Dolph
4%
No matching quizzes found
Score Distribution
Percent of People with Each Score
Percentile by Number Answered
Your Score History
You have not taken this quiz